| 000 | 00721cam a2200265ua 4500 | ||
|---|---|---|---|
| 001 | 10081 | ||
| 005 | 20260515114549.0 | ||
| 008 | 170329n ii |||gr||||Z||||||eng | ||
| 020 | _a9789382750765 | ||
| 040 | _cMAIN | ||
| 041 | _aeng | ||
| 082 | _a330.954162 | ||
| 100 |
_aPhukan, Sanjib Kumar, _eAuthor. |
||
| 245 |
_aEconomic issues of Assam _cBy Sanjib Kumar Phukan and others |
||
| 250 | _a1st ed. | ||
| 260 |
_aDibrugarh: _bBanalata, _c2015. |
||
| 300 | _a135p. | ||
| 653 | _aEconomics | ||
| 653 | _aEconomy of Assam | ||
| 700 |
_aSarma, Jharna, _eAuthor. |
||
| 700 |
_aMachey, Ashwini, _eAuthor. |
||
| 700 |
_aBuragohain, Pranjal Pratim, _eAuthor. |
||
| 700 |
_aLahon, Ratan Kumar, _eAuthor. |
||
| 942 | _cBK | ||
| 999 |
_c9072 _d9072 |
||